C-MAC Days 2017 : Greece, Athens, 20-23 November 2017 : Program and Abstracts

Saved in:
Bibliographic Details
Corporate Author: C-MAC Days 2017 Grécko, Atény
Format: Conference Proceeding Book
Language:English
Published: Atény : European C-MAC : National Technical University of Athens, 2017
Edition:1. vyd.
Tags: Add Tag
No Tags, Be the first to tag this record!

MARC

LEADER 00000nam a22000003a 4500
001 0028280
003 SK-STU
005 20171129101909.4
007 ta
008 171128s ----xo-----e------100-0-----d
040 |a STU  |b slo 
041 0 |a eng 
044 |a gr 
111 2 |a C-MAC Days 2017  |d 20.-23.11.2017 :  |c Grécko, Atény 
245 1 0 |a C-MAC Days 2017 :  |b Greece, Athens, 20-23 November 2017 : Program and Abstracts 
250 |a 1. vyd. 
260 |a Atény :  |b European C-MAC :  |b National Technical University of Athens,  |c 2017 
300 |a nestr. 
996 |b 284M087407  |c M* Z-4393  |l MMKN  |s A  |a 24  |w 0028280_0001 
996 |b 284M087409  |c M* Z-4394  |l MMKN  |s A  |a 24  |w 0028280_0002 
996 |b 284M087408  |c M* Z-4395  |l MMKN  |s A  |a 24  |w 0028280_0003